[Event "4NCL Division 1 & 2"]
[Site "Daventry, ENG"]
[Date "2022.02.12"]
[Round "3.11"]
[White "Roberson, Peter T"]
[Black "Speelman, Jon S"]
[Result "1/2-1/2"]
[WhiteElo "2425"]
[BlackElo "2504"]
[PlyCount "68"]
[EventDate "2022.02.12"]
[WhiteTeam "The Sharks 1"]
[BlackTeam "Wood Green"]

1. e4 c6 2. d4 d5 3. e5 Bf5 4. Nd2 e6 5. Nb3 a5 6. a4 Na6 7. c3 Ne7 8. Nf3 Bg6
9. Be2 Nf5 10. O-O Be7 11. g4 Nh4 12. Nxh4 Bxh4 13. f4 f5 14. exf6 Bxf6 15.
Bxa6 bxa6 16. Nc5 Bf7 17. Re1 O-O 18. Nxe6 Bxe6 19. Rxe6 Qd7 20. Qe2 Rae8 21.
f5 Rxe6 22. fxe6 Qd6 23. g5 Be7 24. Bd2 c5 25. Rf1 Re8 26. Qg4 cxd4 27. cxd4
Bd8 28. Re1 Bc7 29. Re2 Qc6 30. Be1 Qxa4 31. g6 hxg6 32. Qxg6 Re7 33. Kg2 Qxd4
34. Bg3 Bxg3 1/2-1/2

[Event "4NCL Division 1 & 2"]
[Site "Daventry, ENG"]
[Date "2022.02.12"]
[Round "3.12"]
[White "Haria, Ravi"]
[Black "Rendle, Thomas E"]
[Result "1/2-1/2"]
[WhiteElo "2490"]
[BlackElo "2365"]
[PlyCount "102"]
[EventDate "2022.02.12"]
[WhiteTeam "Wood Green"]
[BlackTeam "The Sharks 1"]

1. e4 e6 2. d4 d5 3. e5 c5 4. c3 Nc6 5. Nf3 Qb6 6. Be2 cxd4 7. cxd4 Nh6 8. Bxh6
Qxb2 9. Nbd2 gxh6 10. O-O Bd7 11. Nb3 Rc8 12. Ne1 Nb4 13. Rb1 Qa3 14. Nc5 Bxc5
15. dxc5 Na6 16. Nd3 Nxc5 17. Nxc5 Qxc5 18. Rxb7 d4 19. Qd2 Qxe5 20. Re1 Rg8
21. Bf3 Qc5 22. Qxh6 Qc3 23. Kf1 d3 24. Rd1 Rg7 25. Qf4 Qc5 26. Qf6 Qc3 27. Qf4
Qc5 28. h4 Bb5 29. Qf6 Kf8 30. h5 h6 31. Qxh6 Ba6 32. Qh8+ Rg8 33. Qh6+ Rg7 34.
Rbb1 Qf5 35. Qe3 Qc5 36. Qf4 Qc7 37. Qh4 Qd8 38. Qa4 Bc4 39. Qxa7 Kg8 40. Kg1
Qg5 41. Rbc1 f5 42. Qd4 Rgc7 43. a4 Qg7 44. Qd6 Kh8 45. a5 Rd7 46. Qb6 Qd4 47.
Ra1 Rcc7 48. Rdb1 Ra7 49. Qxd4+ Rxd4 50. Rb2 e5 51. Bb7 Kg7 1/2-1/2

[Event "4NCL Division 1 & 2"]
[Site "Daventry, ENG"]
[Date "2022.02.12"]
[Round "3.13"]
[White "Moreby, James"]
[Black "Tan, Justin"]
[Result "1/2-1/2"]
[WhiteElo "2416"]
[BlackElo "2526"]
[PlyCount "39"]
[EventDate "2022.02.12"]
[WhiteTeam "The Sharks 1"]
[BlackTeam "Wood Green"]

1. c4 e6 2. g3 d5 3. Bg2 d4 4. Nf3 Nc6 5. O-O e5 6. d3 Bc5 7. b4 Nxb4 8. Nxe5
Ne7 9. Nd2 O-O 10. Ne4 Bd6 11. Nxd6 Qxd6 12. Bf4 Qc5 13. Qa4 c6 14. Nf3 Rd8 15.
Bc1 a5 16. Ba3 Qb6 17. Bxb4 Qxb4 18. Qxb4 axb4 19. Rfb1 Ra4 20. a3 1/2-1/2

[Event "4NCL Division 1 & 2"]
[Site "Daventry, ENG"]
[Date "2022.02.12"]
[Round "3.14"]
[White "Sukandar, Irine Kharisma"]
[Black "Dong, Bao Nghia"]
[Result "1-0"]
[WhiteElo "2455"]
[BlackElo "2332"]
[PlyCount "77"]
[EventDate "2022.02.12"]
[WhiteTeam "Wood Green"]
[BlackTeam "The Sharks 1"]

1. e4 e6 2. d4 d5 3. Nd2 Nc6 4. Ngf3 Nf6 5. e5 Nd7 6. Be2 f6 7. exf6 Qxf6 8.
Nf1 Bd6 9. Ne3 O-O 10. O-O Qg6 11. c4 Ne7 12. Bd3 Qh5 13. c5 Bf4 14. Nc2 e5 15.
Bxf4 exf4 16. Re1 Nc6 17. b4 a5 18. a3 Nf6 19. b5 Nd8 20. Re7 Bg4 21. Nce1 Ne6
22. h3 Bf5 23. Bxf5 Qxf5 24. Nh4 Qe4 25. Nc2 f3 26. Nxf3 Rae8 27. Rxe8 Rxe8 28.
Qd2 Qf5 29. Ne3 Qf4 30. Re1 b6 31. cxb6 cxb6 32. Qc3 Qb8 33. Rc1 Ne4 34. Qc6
Nf4 35. Rc2 Qd8 36. Ne5 Rf8 37. Qd7 Qh4 38. Nxd5 Nxf2 39. Ne7+ 1-0

[Event "4NCL Division 1 & 2"]
[Site "Daventry, ENG"]
[Date "2022.02.12"]
[Round "3.15"]
[White "Batchelor, Peter J"]
[Black "Harvey, Marcus R"]
[Result "0-1"]
[WhiteElo "2366"]
[BlackElo "2464"]
[PlyCount "258"]
[EventDate "2022.02.12"]
[WhiteTeam "The Sharks 1"]
[BlackTeam "Wood Green"]

1. d4 Nf6 2. c4 e6 3. g3 d5 4. Nf3 Bb4+ 5. Bd2 Bd6 6. Bg2 O-O 7. O-O Ne4 8. Qc2
c6 9. Rd1 Nd7 10. Be1 f5 11. Nbd2 Qf6 12. Nf1 Qh6 13. b4 g5 14. b5 cxb5 15.
cxb5 g4 16. N3d2 Ng5 17. Nb3 Nf6 18. Nc5 b6 19. Nd3 Bd7 20. Qb3 Rfc8 21. Bb4
Bxb4 22. Qxb4 Qf8 23. Qb2 Rc7 24. a4 Rac8 25. Ne3 Qd6 26. Ne5 Be8 27. Qd2 Nf7
28. Nxf7 Kxf7 29. Rdc1 h5 30. Rc2 Rxc2 31. Nxc2 Qc7 32. Nb4 Qc3 33. Qxc3 Rxc3
34. Nd3 Ke7 35. Kf1 Rc4 36. e3 Ne4 37. Ke1 Nc3 38. a5 Nxb5 39. axb6 axb6 40.
Ra6 Rc6 41. Kd2 Nc7 42. Ra7 Kd8 43. Ne5 Rd6 44. Bf1 Kc8 45. Ba6+ Nxa6 46. Rxa6
Kb7 47. Ra1 Rd8 48. Kc3 Rc8+ 49. Kb2 Rc7 50. h4 gxh3 51. Rh1 Ba4 52. Ka3 b5 53.
Rxh3 Kb6 54. Kb4 Rc2 55. Nd7+ Kc6 56. Ne5+ Kb6 57. Nd7+ Kc7 58. Nc5 Rb2+ 59.
Kc3 Rxf2 60. Rxh5 Rf3 61. Kd3 Kb6 62. Nxe6 b4 63. Rh8 Bb5+ 64. Kc2 Bc4 65. Rb8+
Kc6 66. Rxb4 Rxe3 67. Nd8+ Kc7 68. Nf7 Rxg3 69. Ne5 Rg2+ 70. Kd1 Be2+ 71. Ke1
f4 72. Ra4 Kb6 73. Ra8 Bc4 74. Rb8+ Ka5 75. Rf8 Re2+ 76. Kd1 Re4 77. Kc2 Be2
78. Kc3 Kb5 79. Rb8+ Ka6 80. Rf8 Kb6 81. Nd7+ Kb5 82. Nc5 Re3+ 83. Kd2 Re7 84.
Rxf4 Kc4 85. Nd7 Rxd7 86. Kxe2 Rh7 87. Rg4 Kc3 88. Kd1 Rh1+ 89. Ke2 Ra1 90. Rh4
Ra2+ 91. Ke3 Rd2 92. Rg4 Rh2 93. Rf4 Rh8 94. Ke2 Re8+ 95. Kd1 Re3 96. Rh4 Kd3
97. Rg4 Rh3 98. Ke1 Rh1+ 99. Kf2 Ra1 100. Rh4 Rb1 101. Rg4 Rb8 102. Ke1 Re8+
103. Kd1 Rf8 104. Ke1 Rf3 105. Rh4 Rg3 106. Kf2 Rg8 107. Ke1 Rg7 108. Rh3+ Kxd4
109. Kd2 Rg2+ 110. Kd1 Kc4 111. Ke1 Rc2 112. Kd1 Rc3 113. Rh4+ d4 114. Rh8 Ra3
115. Kd2 Ra2+ 116. Kc1 Kc3 117. Rc8+ Kd3 118. Rh8 Ra1+ 119. Kb2 Re1 120. Rh3+
Kd2 121. Rh2+ Re2 122. Rh1 Re1 123. Rh2+ Kd1 124. Kb3 Re3+ 125. Kc4 d3 126. Kd4
Rg3 127. Kc3 d2+ 128. Kb2 Rd3 129. Rh1+ Ke2 0-1

[Event "4NCL Division 1 & 2"]
[Site "Daventry, ENG"]
[Date "2022.02.12"]
[Round "3.16"]
[White "Czopor, Maciej"]
[Black "Milson, Samuel A"]
[Result "1-0"]
[WhiteElo "2416"]
[BlackElo "2145"]
[PlyCount "65"]
[EventDate "2022.02.12"]
[WhiteTeam "Wood Green"]
[BlackTeam "The Sharks 1"]

1. e4 e6 2. d4 d5 3. e5 c5 4. c3 Nc6 5. Nf3 Qb6 6. Bd3 Bd7 7. O-O cxd4 8. Re1
Nge7 9. h4 h5 10. Na3 a6 11. Nc2 dxc3 12. bxc3 Na5 13. Ba3 Nec6 14. Bxf8 Rxf8
15. Ng5 O-O-O 16. Qxh5 f6 17. Rab1 Qc5 18. exf6 Rxf6 19. Ne4 Qe7 20. Nxf6 gxf6
21. Nd4 Ne5 22. Bf1 Qg7 23. f4 Ng6 24. Qg4 e5 25. Nf5 Bxf5 26. Qxf5+ Kc7 27.
fxe5 Nxe5 28. Qf2 Nac4 29. Bxc4 dxc4 30. Qa7 Rb8 31. Qb6+ Kc8 32. Rbd1 Qc7 33.
Qe6+ 1-0

[Event "4NCL Division 1 & 2"]
[Site "Daventry, ENG"]
[Date "2022.02.12"]
[Round "3.17"]
[White "Foisor, Mihaela-Veronica"]
[Black "McPhillips, Joseph"]
[Result "0-1"]
[WhiteElo "2208"]
[BlackElo "2413"]
[PlyCount "50"]
[EventDate "2022.02.12"]
[WhiteTeam "The Sharks 1"]
[BlackTeam "Wood Green"]

1. c4 c6 2. d4 d5 3. e3 Nf6 4. Nc3 a6 5. c5 Bf5 6. Nf3 Nbd7 7. Bd2 h6 8. b4 Qc7
9. Nh4 Bh7 10. f4 g5 11. Nf3 gxf4 12. exf4 Ne4 13. Ne5 Rg8 14. Qh5 Nxe5 15.
fxe5 Nxd2 16. Kxd2 Qd7 17. g3 Rg5 18. Qf3 h5 19. Bd3 Be4 20. Nxe4 dxe4 21. Qxe4
Rg4 22. e6 fxe6 23. Qh7 O-O-O 24. Rhd1 Bg7 25. Ke2 Rh8 0-1

[Event "4NCL Division 1 & 2"]
[Site "Daventry, ENG"]
[Date "2022.02.12"]
[Round "3.18"]
[White "Hunt, Harriet V"]
[Black "Varnam, Liam D"]
[Result "1-0"]
[WhiteElo "2400"]
[BlackElo "2207"]
[PlyCount "69"]
[EventDate "2022.02.12"]
[WhiteTeam "Wood Green"]
[BlackTeam "The Sharks 1"]

1. e4 e5 2. Nf3 Nc6 3. Bb5 a6 4. Ba4 Nf6 5. O-O Nxe4 6. d4 b5 7. Bb3 d5 8. dxe5
Be6 9. Nbd2 Nc5 10. c3 d4 11. Bxe6 Nxe6 12. cxd4 Ncxd4 13. Ne4 Be7 14. Be3 Nf5
15. Qc2 O-O 16. Neg5 Nxg5 17. Bxg5 Bxg5 18. Qxf5 Bh6 19. Rad1 Qe8 20. Rd7 c5
21. Rd6 Qe7 22. Rfd1 Rfe8 23. h4 g6 24. Qe4 Bg7 25. Qd5 Ra7 26. Qxc5 Rc7 27.
Qb6 Rec8 28. e6 fxe6 29. Rxe6 Qb4 30. b3 Rc1 31. Ree1 R1c6 32. Qb7 R8c7 33.
Qb8+ Rc8 34. Re8+ Rxe8 35. Qxe8+ 1-0

[Event "4NCL Division 1 & 2"]
[Site "Daventry, ENG"]
[Date "2022.02.12"]
[Round "3.21"]
[White "Lupulescu, Constantin"]
[Black "Fodor, Tamas Jr."]
[Result "1-0"]
[WhiteElo "2620"]
[BlackElo "2526"]
[PlyCount "41"]
[EventDate "2022.02.12"]
[WhiteTeam "Chess.com Manx Liberty"]
[BlackTeam "Cheddleton"]

1. d4 d5 2. c4 c6 3. Nf3 Nf6 4. e3 e6 5. b3 Ne4 6. Bd3 Qa5+ 7. Nfd2 Nd7 8. O-O
Nxd2 9. Bxd2 Qd8 10. Nc3 Nf6 11. Qc2 Be7 12. Rad1 b6 13. e4 dxc4 14. Bxc4 Qxd4
15. Bf4 Qc5 16. e5 Nh5 17. Ne4 Qa5 18. Be2 Nxf4 19. Qxc6+ Bd7 20. Qxa8+ Bd8 21.
Bb5 1-0

[Event "4NCL Division 1 & 2"]
[Site "Daventry, ENG"]
[Date "2022.02.12"]
[Round "3.22"]
[White "Pert, Nicholas"]
[Black "Parligras, Mircea-Emilian"]
[Result "1/2-1/2"]
[WhiteElo "2546"]
[BlackElo "2575"]
[PlyCount "66"]
[EventDate "2022.02.12"]
[WhiteTeam "Cheddleton"]
[BlackTeam "Chess.com Manx Liberty"]

1. d4 Nf6 2. Nf3 d5 3. c4 e6 4. Nc3 Bb4 5. Qa4+ Nc6 6. e3 O-O 7. Bd2 dxc4 8.
Bxc4 a6 9. Qc2 Bd6 10. a3 e5 11. dxe5 Nxe5 12. Nxe5 Bxe5 13. f4 Bxc3 14. Bxc3
Re8 15. O-O Ng4 16. Qb3 Qe7 17. Rae1 b5 18. Bd5 Rb8 19. Bb4 Qd7 20. Bc5 Bb7 21.
Bxb7 Rxb7 22. e4 Qc6 23. Bd4 Rbb8 24. Qg3 Rxe4 25. Rxe4 Qxe4 26. Ba7 Ra8 27.
Qxg4 h5 28. Qxh5 Rxa7 29. Qc5 Ra8 30. Qxc7 Qd4+ 31. Rf2 Qd1+ 32. Rf1 Qd4+ 33.
Rf2 Qd1+ 1/2-1/2

[Event "4NCL Division 1 & 2"]
[Site "Daventry, ENG"]
[Date "2022.02.12"]
[Round "3.23"]
[White "Bobras, Piotr"]
[Black "Arkell, Keith C"]
[Result "1/2-1/2"]
[WhiteElo "2500"]
[BlackElo "2380"]
[PlyCount "44"]
[EventDate "2022.02.12"]
[WhiteTeam "Chess.com Manx Liberty"]
[BlackTeam "Cheddleton"]

1. e4 e6 2. d4 d5 3. Nc3 dxe4 4. Nxe4 Bd7 5. Nf3 Bc6 6. Bd3 Nd7 7. O-O Ngf6 8.
Ng3 Be7 9. Qe2 Bxf3 10. Qxf3 c6 11. b3 O-O 12. Bb2 Re8 13. c4 Bf8 14. Rfe1 g6
15. Rad1 Bg7 16. Bc2 Qc7 17. h3 b5 18. c5 Nd5 19. Ne4 N7f6 20. Nd6 Red8 21. Bc1
Ne8 22. Nxe8 Rxe8 1/2-1/2

[Event "4NCL Division 1 & 2"]
[Site "Daventry, ENG"]
[Date "2022.02.12"]
[Round "3.24"]
[White "Kirk, Ezra"]
[Black "Jaracz, Pawel"]
[Result "1/2-1/2"]
[WhiteElo "2438"]
[BlackElo "2459"]
[PlyCount "74"]
[EventDate "2022.02.12"]
[WhiteTeam "Cheddleton"]
[BlackTeam "Chess.com Manx Liberty"]

1. e4 c5 2. Nf3 d6 3. Bb5+ Nd7 4. Ba4 Ngf6 5. O-O g6 6. Re1 Bg7 7. c4 O-O 8.
Nc3 Nb6 9. Bb3 Bg4 10. h3 Bxf3 11. Qxf3 Nfd7 12. d3 Ne5 13. Qg3 e6 14. Bf4 Nc8
15. Ba4 a6 16. h4 Na7 17. Bg5 Qb6 18. Rab1 h5 19. Bd1 Nac6 20. Bd2 Nd4 21. f4
Nec6 22. Rf1 Kh7 23. f5 Qd8 24. Bg5 Be5 25. Qh3 f6 26. fxg6+ Kxg6 27. Be3 Rh8
28. Ne2 Nxe2+ 29. Bxe2 Kf7 30. Rf2 Ke7 31. Rbf1 Qg8 32. Kh1 Rf8 33. g4 hxg4 34.
Bxg4 Bd4 35. Bxd4 Nxd4 36. Rg2 Qh7 37. h5 Rhg8 1/2-1/2

[Event "4NCL Division 1 & 2"]
[Site "Daventry, ENG"]
[Date "2022.02.12"]
[Round "3.25"]
[White "Cyborowski, Lukasz"]
[Black "Pert, Richard G"]
[Result "1/2-1/2"]
[WhiteElo "2494"]
[BlackElo "2415"]
[PlyCount "28"]
[EventDate "2022.02.12"]
[WhiteTeam "Chess.com Manx Liberty"]
[BlackTeam "Cheddleton"]

1. Nf3 d5 2. d4 Nf6 3. c4 e6 4. e3 a6 5. b3 c5 6. Bb2 cxd4 7. exd4 b6 8. Bd3
Bb7 9. O-O Nbd7 10. Nc3 Be7 11. Qe2 O-O 12. Rac1 Ra7 13. Nd2 Re8 14. Rfe1 Nf8
1/2-1/2

[Event "4NCL Division 1 & 2"]
[Site "Daventry, ENG"]
[Date "2022.02.12"]
[Round "3.28"]
[White "Pert, Max"]
[Black "Terbe, Julianna"]
[Result "0-1"]
[WhiteElo "1922"]
[BlackElo "2285"]
[PlyCount "56"]
[EventDate "2022.02.12"]
[WhiteTeam "Cheddleton"]
[BlackTeam "Chess.com Manx Liberty"]

1. d4 d5 2. c4 c6 3. Nc3 dxc4 4. e4 b5 5. Nf3 Nf6 6. Be2 e6 7. a4 b4 8. e5 bxc3
9. exf6 cxb2 10. fxg7 Bb4+ 11. Kf1 Rg8 12. Bxb2 c3 13. Bc1 Rxg7 14. Bf4 a5 15.
Ne5 Bb7 16. Bh6 Rg8 17. Bh5 Rg6 18. Nxg6 hxg6 19. Bf3 Nd7 20. g3 Qf6 21. Bg2 g5
22. Qh5 Qxd4 23. Qxg5 c2 24. Qg8+ Nf8 25. Re1 O-O-O 26. Bf3 Bxe1 27. Kxe1 Qd1+
28. Bxd1 cxd1=Q# 0-1

[Event "4NCL Division 1 & 2"]
[Site "Daventry, ENG"]
[Date "2022.02.12"]
[Round "3.31"]
[White "Zakarian, David"]
[Black "Hebden, Mark L"]
[Result "1-0"]
[WhiteElo "2316"]
[BlackElo "2455"]
[PlyCount "117"]
[EventDate "2022.02.12"]
[WhiteTeam "Oxford 1"]
[BlackTeam "Guildford Young Guns"]

1. e4 e5 2. f4 exf4 3. Bc4 d5 4. Bxd5 Qh4+ 5. Kf1 g5 6. Nf3 Qh5 7. Nc3 Bg7 8.
d4 Ne7 9. h4 h6 10. Qd3 c6 11. Bb3 g4 12. Ne5 Bxe5 13. dxe5 Be6 14. Bxf4 Nd7
15. Qd6 Nc8 16. Qc7 Ncb6 17. g3 O-O 18. Rd1 Nc5 19. Qe7 Bxb3 20. axb3 Ne6 21.
Qf6 Rad8 22. Kf2 Nd7 23. Qf5 Qg6 24. h5 Qh7 25. Rh4 Ng5 26. Rxg4 f6 27. e6 Ne5
28. Rxg5+ fxg5 29. Qxh7+ Kxh7 30. e7 Rde8 31. exf8=N+ Rxf8 32. Ne2 Ng4+ 33. Kf3
Ne5+ 34. Kg2 gxf4 35. gxf4 Rg8+ 36. Kh3 Ng4 37. Rd7+ Kh8 38. Ng3 Nf2+ 39. Kh2
Ng4+ 40. Kg2 Nf6 41. Rd3 Nxh5 42. Rf3 Rg4 43. Kh3 Rxf4 44. Rxf4 Nxf4+ 45. Kg4
Ng6 46. Kf5 Kg7 47. Ke6 Nf4+ 48. Kd6 h5 49. e5 Kf7 50. Kd7 h4 51. Ne4 h3 52.
Ng5+ Kg7 53. Nxh3 Nxh3 54. e6 Nf4 55. e7 Nd5 56. e8=Q Nf6+ 57. Ke7 Nxe8 58.
Kxe8 Kf6 59. Kd7 1-0

[Event "4NCL Division 1 & 2"]
[Site "Daventry, ENG"]
[Date "2022.02.12"]
[Round "3.32"]
[White "Wadsworth, Matthew J"]
[Black "Mihov, Filip"]
[Result "1/2-1/2"]
[WhiteElo "2435"]
[BlackElo "2243"]
[PlyCount "70"]
[EventDate "2022.02.12"]
[WhiteTeam "Guildford Young Guns"]
[BlackTeam "Oxford 1"]

1. c4 g6 2. g3 Bg7 3. Bg2 f5 4. Nf3 Nf6 5. O-O O-O 6. Nc3 d6 7. d3 e5 8. b4 a5
9. b5 Nbd7 10. Rb1 Nc5 11. Ba3 Ne6 12. Nd5 h6 13. Nd2 Rb8 14. b6 c6 15. Nxf6+
Rxf6 16. c5 Nxc5 17. Bxc5 dxc5 18. Qc2 Be6 19. Nc4 Rf7 20. Nxa5 Ra8 21. Nb3 c4
22. Nc5 cxd3 23. exd3 Bd5 24. Bxd5 Qxd5 25. Qc4 Rxa2 26. Qxd5 cxd5 27. Ne6 Rd7
28. Rfc1 Kf7 29. Nxg7 Kxg7 30. Rc7 Rxc7 31. bxc7 Rc2 32. Rxb7 Kf6 33. Rb6+ Kf7
34. Rb7 Ke6 35. Rb6+ Kf7 1/2-1/2

[Event "4NCL Division 1 & 2"]
[Site "Daventry, ENG"]
[Date "2022.02.12"]
[Round "3.33"]
[White "Cont, Arya"]
[Black "Clarke, Brandon G I"]
[Result "0-1"]
[WhiteElo "2148"]
[BlackElo "2430"]
[PlyCount "56"]
[EventDate "2022.02.12"]
[WhiteTeam "Oxford 1"]
[BlackTeam "Guildford Young Guns"]

1. b3 e5 2. Bb2 Nc6 3. e3 Nf6 4. Nf3 e4 5. Nd4 Bc5 6. Nxc6 dxc6 7. h3 Qe7 8. d4
exd3 9. Bxd3 Bb4+ 10. Nd2 Ne4 11. Bxe4 Qxe4 12. O-O Qg6 13. Kh1 Be6 14. a3 Bd6
15. e4 Bf4 16. Nf3 O-O 17. Qe2 Rae8 18. c4 c5 19. Rad1 b6 20. Rfe1 Bc8 21. Nd2
Qh6 22. Nf1 Bxh3 23. gxh3 Qxh3+ 24. Kg1 Re6 25. Rd3 Rg6+ 26. Ng3 Rh6 27. Qf3
Bxg3 28. Bxg7 Bh2+ 0-1

[Event "4NCL Division 1 & 2"]
[Site "Daventry, ENG"]
[Date "2022.02.12"]
[Round "3.34"]
[White "Kilpatrick, Callum"]
[Black "Dickinson, Tim"]
[Result "1-0"]
[WhiteElo "2409"]
[BlackElo "2047"]
[PlyCount "105"]
[EventDate "2022.02.12"]
[WhiteTeam "Guildford Young Guns"]
[BlackTeam "Oxford 1"]

1. e4 e5 2. Nf3 Nc6 3. Bb5 a6 4. Ba4 Nf6 5. O-O Be7 6. Re1 b5 7. Bb3 O-O 8. d4
d6 9. c3 Bg4 10. Be3 Na5 11. dxe5 Bxf3 12. Qxf3 dxe5 13. Bc2 Qd7 14. Nd2 Qg4
15. b4 Nc4 16. Nxc4 Qxf3 17. gxf3 bxc4 18. Bd1 c5 19. a3 a5 20. bxa5 Rxa5 21.
Be2 Rfa8 22. Bc1 Ra4 23. Bd1 R4a6 24. Be2 Ra4 25. Rb1 Nh5 26. Rb7 Bf8 27. Rd1
Nf4 28. Bf1 Ne6 29. Rd5 f6 30. h4 Nf4 31. Rdd7 h5 32. Kh2 Kh7 33. Kg3 Kg6 34.
Bxf4 exf4+ 35. Kxf4 Rxa3 36. Bxc4 Rxc3 37. Bf7+ Kh6 38. Rd5 g6 39. Rdd7 Raa3
40. Kg3 Rxf3+ 41. Kg2 Rf4 42. Bd5 g5 43. Rh7+ Kg6 44. Rh8 gxh4 45. Rxf8 h3+ 46.
Kh1 Rxf2 47. Rg8+ Kh6 48. Rg1 h4 49. Rbg7 Rg3 50. R7xg3 hxg3 51. Rxg3 h2 52.
Rc3 Kg5 53. Be6 1-0

[Event "4NCL Division 1 & 2"]
[Site "Daventry, ENG"]
[Date "2022.02.12"]
[Round "3.35"]
[White "Nataraj, Nakul"]
[Black "Golding, Alex"]
[Result "1-0"]
[WhiteElo "2115"]
[BlackElo "2331"]
[PlyCount "91"]
[EventDate "2022.02.12"]
[WhiteTeam "Oxford 1"]
[BlackTeam "Guildford Young Guns"]

1. e4 e5 2. Nf3 Nc6 3. Bc4 Bc5 4. O-O d6 5. c3 Bb6 6. d3 h6 7. Re1 Qf6 8. Be3
Nge7 9. Nbd2 Bxe3 10. fxe3 g5 11. Rf1 Qg6 12. d4 f6 13. Qe1 Bd7 14. b4 h5 15.
Qf2 O-O-O 16. a4 h4 17. Ne1 Rdf8 18. a5 f5 19. b5 Nb8 20. b6 cxb6 21. axb6 axb6
22. Bd3 Kc7 23. exf5 Bxf5 24. Bxf5 Rxf5 25. Qe2 e4 26. Nc2 Rxf1+ 27. Qxf1 Nbc6
28. c4 d5 29. Na3 Qe6 30. Nb5+ Kd7 31. c5 Qf5 32. Qe2 g4 33. cxb6 g3 34. Rf1
gxh2+ 35. Kh1 Qh5 36. Qf2 h3 37. g3 Rh6 38. Nb3 Qf3+ 39. Qxf3 exf3 40. Nc5+ Kc8
41. Rxf3 Rh8 42. Nd6+ Kb8 43. Nd7+ Ka8 44. Nb5 Rc8 45. Rf8 Rxf8 46. Nc7# 1-0

[Event "4NCL Division 1 & 2"]
[Site "Daventry, ENG"]
[Date "2022.02.12"]
[Round "3.36"]
[White "Grieve, Harry"]
[Black "Cole, James"]
[Result "1-0"]
[WhiteElo "2384"]
[BlackElo "2040"]
[PlyCount "65"]
[EventDate "2022.02.12"]
[WhiteTeam "Guildford Young Guns"]
[BlackTeam "Oxford 1"]

1. e4 c6 2. d4 d5 3. f3 dxe4 4. fxe4 e5 5. Nf3 Bg4 6. c3 Nd7 7. Bd3 Ngf6 8. O-O
Bd6 9. Na3 Bxa3 10. bxa3 h6 11. Rb1 b6 12. Qe1 Bxf3 13. Rxf3 O-O 14. Qg3 Kh8
15. Qh3 Ng8 16. Bb2 Qe7 17. Rbf1 Rae8 18. Bc1 f6 19. Bc4 exd4 20. cxd4 c5 21.
Bxg8 Rxg8 22. e5 Rgf8 23. Bxh6 gxh6 24. e6 Qg7 25. Rg3 Qh7 26. exd7 Rd8 27. Qh5
Rxd7 28. Rg6 Rd5 29. Rf5 Rxf5 30. Qxf5 h5 31. d5 Rg8 32. Qxf6+ Rg7 33. Rh6 1-0

[Event "4NCL Division 1 & 2"]
[Site "Daventry, ENG"]
[Date "2022.02.12"]
[Round "3.41"]
[White "Derakhshani, Borna"]
[Black "Jackson, James P"]
[Result "1-0"]
[WhiteElo "2371"]
[BlackElo "2407"]
[PlyCount "97"]
[EventDate "2022.02.12"]
[WhiteTeam "Wood Green Youth"]
[BlackTeam "Barbican 4NCL"]

1. Nf3 Nf6 2. b3 d6 3. Bb2 e5 4. d3 g6 5. g3 Bg7 6. Bg2 O-O 7. O-O c6 8. c4 Re8
9. Nc3 a5 10. a3 Na6 11. b4 Bd7 12. b5 Nc5 13. d4 exd4 14. Nxd4 Qc7 15. e3 a4
16. Rb1 h5 17. Ba1 Ng4 18. Rb4 Ne5 19. Nxa4 Ned3 20. Nxc5 dxc5 21. Rb3 Ne5 22.
bxc6 bxc6 23. Ne2 Be6 24. Qc1 Ra4 25. Nc3 Rxc4 26. Qb1 Qc8 27. Ne4 Rxe4 28.
Bxe4 Bxb3 29. Qxb3 c4 30. Qc2 Qa6 31. Rc1 Nd3 32. Qxc4 Qxa3 33. Bxd3 Bxa1 34.
Bxg6 Re6 35. Bxh5 Bb2 36. Rd1 Qe7 37. Qa2 Bf6 38. Qa6 Kg7 39. Qc8 Rd6 40. Qg4+
Kf8 41. Rb1 Rd5 42. Qc8+ Qd8 43. Qxd8+ Rxd8 44. Rb7 Be7 45. Rc7 c5 46. h4 Rd2
47. Bf3 Ke8 48. h5 Bd6 49. Rc8+ 1-0

[Event "4NCL Division 1 & 2"]
[Site "Daventry, ENG"]
[Date "2022.02.12"]
[Round "3.43"]
[White "Toma, Katarzyna"]
[Black "Taylor, Martin R"]
[Result "1/2-1/2"]
[WhiteElo "2420"]
[BlackElo "2343"]
[PlyCount "80"]
[EventDate "2022.02.12"]
[WhiteTeam "Wood Green Youth"]
[BlackTeam "Barbican 4NCL"]

1. e4 Nf6 2. e5 Nd5 3. d4 d6 4. c4 Nb6 5. exd6 cxd6 6. Nc3 g6 7. Be3 Bg7 8. Rc1
O-O 9. Be2 e5 10. dxe5 dxe5 11. Qxd8 Rxd8 12. c5 N6d7 13. Bc4 Nc6 14. a3 b6 15.
b4 bxc5 16. bxc5 Bb7 17. Nf3 Nd4 18. Ng5 Bxg2 19. Bxf7+ Kf8 20. Rg1 Bc6 21. Bc4
Nf6 22. Bxd4 exd4 23. Ne6+ Ke7 24. Nxg7 dxc3 25. Ne6 Rdc8 26. Nd4 Be4 27. Rg5
Nd7 28. f3 Kf6 29. h4 h6 30. Rg2 Bf5 31. Bd5 Nxc5 32. Rxc3 Nd3+ 33. Rxd3 Bxd3
34. Bxa8 Rxa8 35. Kd2 Bc4 36. Ke3 Re8+ 37. Kf4 Rd8 38. Ke3 Re8+ 39. Kf4 Rd8 40.
Ke3 Re8+ 1/2-1/2

[Event "4NCL Division 1 & 2"]
[Site "Daventry, ENG"]
[Date "2022.02.12"]
[Round "3.44"]
[White "Griffiths, Ryan Rhys"]
[Black "O'Donnell, Conor"]
[Result "0-1"]
[WhiteElo "2352"]
[BlackElo "2281"]
[PlyCount "198"]
[EventDate "2022.02.12"]
[WhiteTeam "Barbican 4NCL"]
[BlackTeam "Wood Green Youth"]

1. c4 e5 2. g3 c6 3. d4 e4 4. Nc3 d5 5. Nh3 Bb4 6. Qb3 a5 7. a3 dxc4 8. Qc2
Bxc3+ 9. bxc3 Bf5 10. f3 Nf6 11. Bg5 Nbd7 12. Nf2 Qe7 13. e3 Qe6 14. Bxf6 Nxf6
15. f4 h5 16. h3 O-O 17. Be2 b5 18. Qd1 Nd5 19. Qc1 h4 20. g4 Bh7 21. O-O g5
22. f5 Qe7 23. Re1 Rfe8 24. Bf1 Qd6 25. Bg2 Nf6 26. Qc2 Qd5 27. Rab1 Ra7 28.
Rb2 a4 29. Rbb1 Kg7 30. Rb2 Rae7 31. Rbb1 Nd7 32. Rb2 Nb6 33. Rbb1 Nc8 34. Qb2
f6 35. Qb4 Bg8 36. Rbd1 Qd8 37. Rd2 Nd6 38. Red1 Bd5 39. Rb1 Nb7 40. Rbd1 Na5
41. Rb2 Nb3 42. Rbb1 Rd7 43. Rb2 Ree7 44. Rbb1 Qb8 45. Nh1 Re8 46. Rb2 Red8 47.
Rbb1 Rc8 48. Rb2 Re8 49. Rbb1 Bf7 50. Re1 Nd2 51. Rbd1 Nf3+ 52. Kf2 Nxe1 53.
Rxe1 Qh2 54. Re2 Rd5 55. Qb1 Rd7 56. Rb2 Qd6 57. Qa1 Bd5 58. Kg1 Rb7 59. Nf2 c5
60. Rd2 Rbe7 61. Qd1 Bc6 62. dxc5 Qxc5 63. Rd6 Bb7 64. Qd4 Qxd4 65. Rxd4 Bc6
66. Kf1 Re5 67. Ke2 Bd5 68. Kd2 R8e7 69. Kc2 Kf7 70. Nd1 Ke8 71. Nf2 Kf8 72.
Rd2 Kf7 73. Rd4 Bb7 74. Bf1 Kf8 75. Rd8+ Kg7 76. Rd4 Rd5 77. Nd1 Kf8 78. Bg2
Ke8 79. Nf2 Rxd4 80. cxd4 Kd7 81. Nd1 Kc7 82. Nc3 Kb6 83. Na2 c3 84. Kxc3 Bd5
85. Nb4 Bc4 86. Kd2 Kc7 87. Kc3 Kd6 88. Na6 Be2 89. Nc5 Kd5 90. Kb4 Bc4 91. Ne6
Kd6 92. Nc5 Kd5 93. Ne6 Rxe6 94. fxe6 Kxe6 95. Bxe4 Bf1 96. Kc5 Ke7 97. d5 Bxh3
98. d6+ Kd8 99. Bd3 Bg2 0-1

[Event "4NCL Division 1 & 2"]
[Site "Daventry, ENG"]
[Date "2022.02.12"]
[Round "3.51"]
[White "Jones, Gawain C B"]
[Black "Taylor, Adam A"]
[Result "1-0"]
[WhiteElo "2671"]
[BlackElo "2277"]
[PlyCount "65"]
[EventDate "2022.02.12"]
[WhiteTeam "Chessable White Rose 1"]
[BlackTeam "North East England"]

1. e4 c5 2. Nf3 Nc6 3. c3 e6 4. d4 d5 5. e5 Bd7 6. Be2 Nh6 7. O-O cxd4 8. Bxh6
gxh6 9. cxd4 Bg7 10. Re1 f6 11. Bb5 O-O 12. Nc3 Be8 13. Qd2 Bh5 14. Bxc6 Bxf3
15. Bxb7 Rb8 16. Ba6 Bh5 17. Be2 Bg6 18. Bg4 Qb6 19. Na4 Qb4 20. Bxe6+ Kh8 21.
Qxb4 Rxb4 22. Bd7 fxe5 23. dxe5 Be8 24. Bxe8 Rxe8 25. Nc5 Rxb2 26. f4 h5 27.
Nd3 Rd2 28. Rad1 Rxa2 29. Nb4 Rb2 30. Nxd5 a5 31. e6 Rg8 32. e7 Bd4+ 33. Kh1
1-0